Die ärmsten Regionen Deutschlands - Statistiken

Allgemein
  • Dieses Quiz wurde 89 mal gespielt
  • Das Durchschnittsergebnis liegt bei 3 aus 10
Antwortstatistiken
Platz Einkommen Bundesland Stadt bzw. Landkreis % Korrekt
1. 16.203 € Nordrhein-Westfalen Gelsenkirchen
73%
2. 16.881 € Nordrhein-Westfalen Duisburg
68%
3. 17.218 € Sachsen-Anhalt Halle (Saale)
52%
6. 17.579 € Nordrhein-Westfalen Herne
40%
7. 17.609 € Brandenburg Brandenburg an der Havel
33%
9. 17.678 € Hessen Offenbach am Main
32%
8. 17.628 € Brandenburg Uckermark
19%
5. 17.381 € Brandenburg Frankfurt (Oder)
17%
4. 17.303 € Mecklenburg-Vorpommern Vorpommern-Greifswald
10%
10. 17.708 € Thüringen Kyffhäuserkreis
5%
Keine übereinstimmenden Quizze gefunden
Verteilung der Resultate
Anzahl Personen mit jedem Resultat
Perzentil nach korrekt beantworteten Fragen
Ihre Resultats-Entwicklung
Sie haben dieses Quiz noch nicht gespielt